000
00345cam a2200145ua 4500
041
_a
eng
_h
082
_a
824
_b
MAN/DA
100
_a
Manghirmalani, .
245
_a
Dayaram gidumal /
_c
Manghirmalani.
_h
Textual Documents
260
_a
:
_b
Navajivan karyalaya ,
_c
1953.
300
_a
46 ; .
504
_a
942
_c
BK
999
_c
4314
_d
4314